Statistics for Golden Globe Winners for Best Supporting Actress in a Motion Picture

Click here to take the quiz!

General Stats

  • This quiz has been taken 16 times
  • The average score is 44 of 82

Answer Stats

YearFilmWinner% Correct
2022Black Panther: Wakanda ForeverAngela Bassett
100%
1979Kramer vs. KramerMeryl Streep
100%
2002AdaptationMeryl Streep
100%
1999Girl, InterruptedAngelina Jolie
93%
2012Les MisérablesAnne Hathaway
93%
2015Steve JobsKate Winslet
93%
2008The ReaderKate Winslet
93%
2001A Beautiful MindJennifer Connelly
87%
2006DreamgirlsJennifer Hudson
87%
2013American HustleJennifer Lawrence
87%
1982TootsieJessica Lange
87%
2000Almost FamousKate Hudson
87%
1997L.A. ConfidentialKim Basinger
87%
2019Marriage StoryLaura Dern
87%
2009PreciousMo'Nique
87%
2011The HelpOctavia Spencer
87%
2014BoyhoodPatricia Arquette
87%
2003Cold MountainRenée Zellweger
87%
2016FencesViola Davis
87%
1990GhostWhoopi Goldberg
87%
2017I, TonyaAllison Janney
80%
1995Mighty AphroditeMira Sorvino
80%
2004CloserNatalie Portman
80%
2021West Side StoryAriana DeBose
73%
1983SilkwoodCher
73%
1989Steel MagnoliasJulia Roberts
73%
1987MoonstruckOlympia Dukakis
73%
1988Working GirlSigourney Weaver
73%
1960PsychoJanet Leigh
67%
1973The ExorcistLinda Blair
67%
2010The FighterMelissa Leo
67%
2005The Constant GardenerRachel Weisz
67%
2018If Beale Street Could TalkRegina King
67%
1993The Age of InnocenceWinona Ryder
67%
1994Bullets over BroadwayDianne Wiest
60%
1998Gods and MonstersLynn Redgrave
60%
1986A Room with a ViewMaggie Smith
60%
1991The Fisher KingMercedes Ruehl
60%
1961West Side StoryRita Moreno
60%
1972The Poseidon AdventureShelley Winters
60%
1977JuliaVanessa Redgrave
60%
1953MogamboGrace Kelly
53%
2020The MauritanianJodie Foster
53%
1985Agnes of GodMeg Tilly
53%
2007I'm Not ThereCate Blanchett
47%
2023The HoldoversDa'Vine Joy Randolph
47%
1969Cactus FlowerGoldie Hawn
47%
1996The Mirror Has Two FacesLauren Bacall
47%
1980Melvin and HowardMary Steenburgen
47%
1962The Manchurian CandidateAngela Lansbury
40%
1945The Picture of Dorian GrayAngela Lansbury
40%
1947Gentleman's AgreementCeleste Holm
40%
1968Rosemary's BabyRuth Gordon
40%
1965Inside Daisy CloverRuth Gordon
40%
1946The Razor's EdgeAnne Baxter
33%
1971Carnal KnowledgeAnn-Margret
33%
1967Thoroughly Modern MillieCarol Channing
33%
1951A Streetcar Named DesireKim Hunter
33%
1963The V.I.P.sMargaret Rutherford
33%
1970AirportMaureen Stapleton
33%
1984A Passage to IndiaPeggy Ashcroft
33%
1964Hush...Hush, Sweet CharlotteAgnes Moorehead
27%
1944Mrs. ParkingtonAgnes Moorehead
27%
1992Enchanted AprilJoan Plowright
27%
1943For Whom the Bell TollsKatina Paxinou
27%
1949All the King's MenMercedes McCambridge
27%
1975Jacqueline Susann's Once Is Not EnoughBrenda Vaccaro
20%
1978Heaven Can WaitDyan Cannon
20%
1948I Remember MamaEllen Corby
20%
1957Witness for the ProsecutionElsa Lanchester
20%
1981Only When I LaughJoan Hackett
20%
1966HawaiiJocelyne LaGarde
20%
1950HarveyJosephine Hull
20%
1976Voyage of the DamnedKatharine Ross
20%
1955The Rose TattooMarisa Pavan
20%
1958GigiHermione Gingold
13%
1954The High and the MightyJan Sterling
13%
1970Five Easy PiecesKaren Black
13%
1974The Great GatsbyKaren Black
13%
1952High NoonKaty Jurado
13%
1959Imitation of LifeSusan Kohner
13%
1956The Bad SeedEileen Eckhart
0%

Score Distribution

Percentile by Number Answered

Percent of People with Each Score

Your Score History

You have not taken this quiz